000 00511nam a2200181Ia 4500
005 20260415160355.0
008 008 250505s9999 xx 000 0 eng d
037 _aTextual
040 _aFEDL
_beng
_cFEDL
041 _aeng
_2eng
084 _a304.6 FLU
_qFEDL
100 _aFlugel J. C.
_983557
245 0 _aPopulation, psychology, and peace
260 _aLondon, UK
_bWatts and Co.
_c1947
300 _axviii,142p.
942 _cTEXL
_h304.6 FLU
999 _c1322208
_d1322208